| 000 | 01097nam a2200325 a 4500 | ||
|---|---|---|---|
| 008 | |||
| 020 | _a9781316510520 (hardback) | ||
| 040 |
_aNUST _cNUST |
||
| 049 | _aMAIN | ||
| 090 |
_aHB21 _bADV |
||
| 245 | 0 | 0 |
_aAdvances in economics and econometrics : _beleventh world congress, volume _nVolume I / _cedited by Bo Honore, Ariel Pakes, Monika Piazzesi and Larry Samuelson. |
| 260 |
_aCambridge : _bCambridge University Press, _c2017. |
||
| 300 |
_aix, 337 p. : _billustrated ; _c24 cm. |
||
| 336 |
_atext _btxt _2rdacontent |
||
| 337 |
_aumediated _bn _2rdamedia |
||
| 338 |
_avolume _bnc _2rdacarrier |
||
| 440 | 0 | _aEconometric Society Monographs. | |
| 500 | _aIncludes index. | ||
| 504 | _aIncludes bibliographical references. | ||
| 650 | 0 |
_aEconometrics _vCongresses. |
|
| 650 | 0 |
_aEconomics _vCongresses. |
|
| 700 | 1 | _aHonore, Bo. | |
| 700 | 1 | _aPakes, Ariel. | |
| 700 | _aSamuelson, larry. | ||
| 700 | _aPiazzesi, Monika. | ||
| 907 |
_a.b10399999 _b07-04-21 _c24-03-21 |
||
| 003 | |||
| 005 | 20230123141147.0 | ||
| 942 |
_cBOOKS _kHB21 _mADV |
||
| 999 |
_c168706 _d168706 |
||